[Event "Treppenturnier 2023"]
[Site "Turnierstufe"]
[Date "2023.09.20"]
[Round "01-1"]
[White "Destiny"]
[Black "MM I"]
[Result "1/2-1/2"]
[WhiteElo "1482"]
[BlackElo "1516"]
[PlyCount "107"]

{Destiny gewinnt ein gewonnenes Spiel nicht, weil er nicht weiß, was ein Remis
durch dreifache Stellungswiederholung ist.} 1.e4 e5 2.Nf3 Nc6 3.Bb5 {Buchende.} 
3...Nf6 {Buchende.} 4.Bxc6 dxc6 5.Nxe5 $2 Qd4 6.Nf3 Qxe4+ 7.Qe2 Qxe2+ 8.Kxe2 
Bg4 9.d4 O-O-O 10.Be3 Bxf3+ $6 11.Kxf3 {Der König steht zwar etwas luftig, aber
es droht keine unmittelbare Gefahr.} 11...Bd6 12.Nc3 Nd5 13.Ne4 f5 14.Nxd6+ 
cxd6 15.Rhe1 Nb4 16.Rac1 $6 Nxa2 17.Ra1 Nb4 18.Re2 Kb8 19.Bg5 Rd7 20.c3 Nd5 
21.Rae1 Rg8 22.Re6 h6 23.Bd2 Rgd8 24.c4 Nb6 25.b3 c5 26.dxc5 dxc5 27.Be3 Rd3 
28.Rb1 R8d7 29.Kf4 Nc8 30.Bxc5 {Die Partie dreht sich allmählich zugunsten von
Destiny.} 30...Rf7 31.h4 Rc7 32.Re5 g6 33.h5 Rg7 34.hxg6 Rxg6 35.g3 Rg5 36.Bf8 
Rd7 37.Bxh6 Rh5 38.Bg5 Rg7 39.Rxf5 Rh2 40.Ke3 Nd6 41.Rd5 Nf7 42.Bf4+ Ka8 
43.Rbd1 Rg8 44.R1d4 Re8+ 45.Kf3 Reh8 46.Rd7 R2h7 47.Re7 Rf8 48.Ke4 Rhh8 49.Rdd7 
Nd8 50.Be5 Rhg8 51.Rg7 Rh8 52.Rge7 Rhg8 53.Bf4 Rh8 54.Be5 $4 {und MM I
reklamiert Remis 3x, welches Destiny unbekannt ist.} 1/2-1/2

[Event "Treppenturnier 2023"]
[Site "Turnierstufe"]
[Date "2023.09.21"]
[Round "01-2"]
[White "MM I"]
[Black "Destiny"]
[Result "1-0"]
[WhiteElo "1515"]
[BlackElo "1483"]
[PlyCount "75"]

{MM I legt einen Start-Ziel-Sieg hin.} 1.e4 e6 2.d4 d5 {Buchende.} 3.exd5 exd5 
4.Bd3 {Buchende.} 4...Nc6 5.Nf3 Bg4 6.Be3 Bb4+ 7.c3 Be7 8.h3 Be6 9.Qb3 Na5 
10.Qa4+ c6 11.O-O Nf6 12.Nbd2 b5 13.Qc2 Qd7 14.Ne5 Qd6 15.Bf4 {Weiß steht
überlegen und gewinnt nun Material.} 15...Qd8 16.b4 Nc4 17.Nxc6 Qd7 18.Nxe7 
Kxe7 19.a4 Nh5 20.Bh2 Nf6 21.axb5 Qxb5 22.Rfe1 Kd7 23.Bxc4 dxc4 24.Ra5 Qc6 
25.Rc5 Qa6 26.b5 Qb6 27.Rc7+ Qxc7 28.Bxc7 Kxc7 29.Qa4 Rhc8 30.f4 Kb8 31.Qb4 Nd5 
32.Qd6+ Rc7 33.f5 Nxc3 34.fxe6 fxe6 35.Qxe6 Rc8 36.Qd6+ {Mattankündigung.} 
36...Rc7 37.Re8+ Kb7 38.Qa6# 1-0

[Event "Treppenturnier 2023"]
[Site "Turnierstufe"]
[Date "2023.09.21"]
[Round "01-3"]
[White "Destiny"]
[Black "MM I"]
[Result "1-0"]
[WhiteElo "1474"]
[BlackElo "1524"]
[PlyCount "107"]

{Ein Fehler des Mephisto im 6. Zug reicht Destiny zum Sieg.} 1.c4 e6 2.Nf3 
{Buchende.} 2...c5 {Buchende.} 3.d4 cxd4 4.Nxd4 Bb4+ 5.Nc3 Bxc3+ 6.bxc3 e5 $4 
{Autsch, das tut weh.} 7.Nf5 {Und Destiny weist dem Gegner nach, warum das ein
Riesenfehler war.} 7...Nc6 8.Nxg7+ Kf8 9.Nf5 Qa5 10.Qd6+ Ke8 11.Ng7+ Kd8 
12.Qf8+ Kc7 13.Ne8+ Kb6 14.Bd2 ( {Zu tief ist z.B.:} 14.c5+ Ka6 15.e4+ b5 
16.cxb6+ Kb7 17.Nd6+ Kxb6 18.Nc4+ Kc7 19.Qd6+ Kd8 20.Nxa5 {...} ) 14...Nce7 
15.Nf6 Nxf6 16.Qxh8 Neg8 {Auch wenn Weiß nicht die besten Züge findet, ist die
schwarze Stellung eine Ruine und aufgabereif.} 17.Qg7 Qa3 18.Qxf7 Kc7 19.f4 e4 
20.e3 Qb2 21.Rd1 Qxa2 22.g4 h6 23.Rg1 Kd8 24.g5 hxg5 25.fxg5 Ne8 26.Qxg8 Qa5 
27.Rg4 Qe5 28.Rf4 d6 29.Qd5 Qg7 30.h4 Qg6 31.Bg2 Qh5 32.Qxe4 a5 33.Rb1 Rb8 
34.Qd4 Qg6 35.Rb5 Ra8 36.Qb6+ Kd7 37.Bh3+ Ke7 38.Bxc8 Rxc8 39.Qxb7+ Rc7 40.Qe4+ 
Qxe4 41.Rxe4+ Kf7 42.g6+ Kxg6 43.Rxe8 Kf7 44.Re4 a4 45.Ra5 Rb7 46.Rxa4 Rb1+ 
47.Ke2 Rg1 48.Ra7+ Kf8 49.Re6 Rg2+ 50.Kd3 Rh2 51.Rxd6 Ke8 52.Rb6 
{Mattankündigung.} 52...Rxd2+ 53.Kxd2 Kd8 54.Rb8# 1-0

[Event "Treppenturnier 2023"]
[Site "Turnierstufe"]
[Date "2023.09.23"]
[Round "01-4"]
[White "MM I"]
[Black "Destiny"]
[Result "1-0"]
[WhiteElo "1513"]
[BlackElo "1485"]
[PlyCount "99"]

{Destiny rechnet weniger tief als sein Gegner und verliert.} 1.e4 e5 2.Nf3 Nc6 
3.Bc4 Bc5 {Buchende.} 4.d3 Nf6 5.Nc3 d6 6.Bg5 {Buchende.} 6...O-O $6 7.Nd5 Be6 
8.Bxf6 gxf6 9.O-O Na5 10.Qe2 c6 11.Nc3 Nxc4 12.dxc4 Qb6 13.b3 Qa5 14.Na4 Bxc4 
$2 {Nicht weit genug gerechnet.} 15.Qxc4 b5 16.Qc3 Bb4 17.Qd3 bxa4 18.a3 Bc3 
19.b4 Bxb4 20.axb4 {12 HZ bis zum Verlust der Figur...} 20...Qxb4 21.Rfb1 Qc5 
22.Rxa4 ( {Viel stärker ist, den Springer nach f5 zu stellen:} 22.Nh4 d5 23.Nf5 
Kh8 24.Rb7 Rfb8 25.Qg3 Qf8 26.Rxb8 Rxb8 27.Qh4 Kg8 28.Qxf6 {...} ) 22...d5 
23.exd5 Qxd5 24.Qa6 Rfd8 25.h3 h5 26.Rc4 c5 27.Qb5 $2 Rdc8 $2 ( {Nicht
errechenbar für Destiny ist:} 27...Rdb8 $1 28.Qxb8+ Rxb8 29.Rxb8+ Kg7 30.Rc3 
Qd1+ 31.Kh2 Qd6 32.Ra8 e4+ 33.Kh1 exf3 34.Rxf3 {... und Weiß kann wieder
kämpfen.} ) 28.Qa4 f5 29.Rh4 e4 30.Nh2 Rcb8 31.Rxb8+ Rxb8 32.Nf1 Qd1 33.Qxa7 
Rb1 34.Qa8+ Kg7 35.Qa6 Rc1 36.Rf4 Rxc2 37.Rxf5 Qd4 38.Qb7 Qc4 39.Ne3 Rc1+ 
40.Kh2 Qa2 41.Qxe4 Qb2 42.Qf3 Qb8+ 43.g3 Qc7 44.Rg5+ Kf8 45.Qa8+ Ke7 46.Nd5+ 
Kd7 47.Nxc7 Kxc7 48.Qa3 Rc2 49.Rxc5+ Rxc5 50.Qxc5+ {Das kriegt der MM I hin.} 1-0

[Event "Treppenturnier 2023"]
[Site "Turnierstufe"]
[Date "2023.09.25"]
[Round "02-1"]
[White "MM I"]
[Black "Super Enterprise C"]
[Result "0-1"]
[WhiteElo "1522"]
[BlackElo "1598"]
[PlyCount "168"]

{Super Enterprise spielt klar überlegen.} 1.Nf3 d5 2.d4 Nf6 3.e3 {Buchende.} 
3...c5 {Buchende.} 4.dxc5 Qa5+ 5.Nc3 Qxc5 6.Bb5+ Bd7 7.Bxd7+ Nbxd7 8.O-O e6 
9.Bd2 Bd6 10.Nd4 O-O 11.f4 Rac8 12.f5 Rfe8 {Weiß hat bereits Probleme.} 13.Qf3 
Be5 14.fxe6 fxe6 15.Ndb5 $2 a6 16.Na3 Qb4 17.Rfb1 Bxc3 18.Bxc3 Rxc3 19.bxc3 
Qxa3 20.Rxb7 {(-2.94)} 20...Qxc3 {(+1.47)} 21.Rc1 Qd2 22.Rf1 Re7 23.Rc7 Qa5 
24.Rc8+ Nf8 25.Ra1 Rc7 26.Rxc7 Qxc7 27.Qe2 e5 28.Qd3 N8d7 29.Rd1 Nc5 30.Qa3 
Nce4 31.Qxa6 Qxc2 32.Qa8+ Kf7 33.Qb7+ Kg6 34.Qb3 Qxb3 35.axb3 Nc3 36.Rd3 Na2 
37.Rd1 Nb4 38.Kf2 Ne4+ 39.Kg1 Kf6 40.Kf1 Nc2 41.Rd3 Ke6 42.g4 g6 43.Kg1 Nb4 
44.Rd1 Nc3 45.Rf1 d4 46.exd4 exd4 47.Re1+ Kd7 48.Rf1 d3 49.Rf2 Ne4 50.Rf1 d2 
51.Rd1 Na2 52.Kg2 Nac3 53.Rf1 d1=Q 54.Rxd1+ Nxd1 55.Kf3 Nec3 56.Kf4 Ne2+ 57.Ke4 
Nc1 58.b4 Kc6 59.g5 Na2 60.b5+ Kxb5 61.h4 Nac3+ 62.Kd4 Ne2+ 63.Ke4 Ndc3+ 64.Kd3 
Kb4 65.Ke3 Kc4 66.Kf2 Kd3 67.Kf3 Nd4+ 68.Kf4 Nd5+ 69.Kg3 Nf5+ 70.Kh3 h6 $6 
71.gxh6 Nxh6 72.Kg3 Ke2 73.h5 g5 74.Kg2 Nf4+ 75.Kg3 Nxh5+ 76.Kg2 g4 77.Kg1 Kf3 
78.Kf1 g3 79.Ke1 g2 80.Kd2 g1=Q 81.Kd3 Qc5 82.Kd2 Nf4 {Mattankündigung.} 83.Kd1 
Ke3 84.Ke1 Qc1# 0-1

[Event "Treppenturnier 2023"]
[Site "Turnierstufe"]
[Date "2023.09.26"]
[Round "02-2"]
[White "Super Enterprise C"]
[Black "MM I"]
[Result "1/2-1/2"]
[WhiteElo "1606"]
[BlackElo "1514"]
[PlyCount "147"]

{Der CXG beginnt eine Attacke, die er aber nicht konsequent weiterführt, MM I
hingegen kann in der Folge zwei Mehrbauern nicht zum Sieg führen.} 1.d4 Nf6 
2.c4 e6 3.Nc3 Bb4 {Buchende.} 4.g3 {Buchende.} 4...d5 5.cxd5 Nxd5 6.Bd2 Nc6 
7.e4 Nf6 8.e5 Nd5 9.Nf3 O-O 10.Bd3 f6 11.O-O fxe5 12.dxe5 Nxc3 13.Bxc3 Bxc3 
14.bxc3 Qd5 15.Ng5 h6 16.Ne4 $2 ( {Einzig richtig ist die Vorwärtsverteidigung:} 
16.Bh7+ $1 Kh8 17.Qh5 Nxe5 18.Be4 Qc5 19.Rae1 Nf3+ 20.Bxf3 Qxg5 21.Qxg5 hxg5 
{...} ) 16...Nxe5 17.Bc2 Nf3+ 18.Kg2 b6 19.Qc1 Ba6 20.Rd1 Qf5 21.Rd7 Bb7 22.Qe3 
Ng5 23.f3 Qxf3+ ( 23...Qh3+ $1 24.Kh1 Rxf3 25.Qe1 Nxe4 26.Bxe4 Bxe4 27.Kg1 Re3 
28.Qf2 Rf8 {und Aus!} ) 24.Qxf3 Rxf3 25.Rxc7 Re3 26.Rxb7 Re2+ 27.Kf1 Rxc2 
28.Nxg5 hxg5 29.Re1 Rf8+ 30.Kg1 Rff2 31.Rxe6 Rg2+ 32.Kf1 Rxh2 33.Kg1 Rcg2+ 
34.Kf1 Rb2 35.Re8+ Kh7 36.Kg1 Rhc2 37.Kf1 a5 38.c4 Rxc4 39.Re1 Rxa2 40.Rxb6 Rc3 
41.g4 Rf3+ 42.Kg1 Rg3+ 43.Kh1 Rxg4 44.Re5 a4 45.Ra6 g6 46.Ra7+ Kh6 47.Re8 Rh4+ 
48.Kg1 Ra1+ 49.Kg2 Kh5 50.Rh7+ Kg4 51.Re4+ Kf5 52.Rhxh4 gxh4 53.Rxh4 g5 54.Rd4 
a3 55.Rd5+ Kf4 56.Rd4+ Ke5 57.Rg4 Kf6 58.Ra4 a2 $2 {Nun ist es bei richtigem
Spiel ein Remis.} 59.Ra3 Kf5 60.Ra4 g4 {Rest der Partie mit 1 Minute
Bedenkzeit.} 61.Ra5+ Kf4 62.Ra4+ Kg5 63.Ra5+ Kh4 64.Kh2 g3+ 65.Kg2 Kg4 66.Ra4+ 
Kf5 67.Ra5+ Ke4 68.Ra4+ Ke3 69.Ra3+ Kd4 70.Ra5 {Der Turm bleibt richtigerweise
auf der a-Linie. Der g-Bauer ist tabu.} 70...Kc3 71.Ra7 Kb2 72.Rb7+ Kc2 73.Rc7+ 
Kd2 74.Ra7 {Remis gegeben.} 1/2-1/2

[Event "Treppenturnier 2023"]
[Site "Turnierstufe"]
[Date "2023.09.27"]
[Round "02-3"]
[White "MM I"]
[Black "Super Enterprise C"]
[Result "1-0"]
[WhiteElo "1517"]
[BlackElo "1603"]
[PlyCount "160"]

{Super Enterprise taumelt durchs Endspiel und verliert.} 1.e4 c5 2.Nf3 Nc6 
3.Bb5 g6 {Buchende.} 4.Bxc6 dxc6 5.d3 {Buchende.} 5...Bg7 6.Nc3 Nf6 7.Be3 Nd7 
8.Qd2 O-O 9.O-O Qa5 10.Rab1 Bxc3 11.Qxc3 Qxc3 12.bxc3 e5 13.h3 f6 14.Bh6 Re8 
15.Nh2 f5 16.exf5 gxf5 17.Nf3 Re6 18.Bd2 e4 19.Rfe1 Nf6 20.Nh4 Rd6 21.Bf4 Rd5 
22.Bg5 Nh5 23.c4 Re5 24.Bd2 a6 25.f3 b5 26.Bc3 Re8 27.fxe4 fxe4 28.a4 b4 29.Bd2 
Ng3 30.Kf2 Nf5 31.Nf3 Nd6 32.Bf4 exf3 33.Bxd6 Rxe1 34.Rxe1 fxg2 35.Kxg2 a5 
36.Re7 Bf5 37.Bxc5 b3 38.cxb3 Bxd3 39.Bd6 Bc2 40.Rb7 Rd8 41.c5 h5 42.Kg3 Re8 
43.Kf2 Re4 44.Rb6 Rb4 $4 45.Rxb4 axb4 46.a5 Bd3 47.Bf4 Ba6 48.Kg3 Bd3 49.Kh4 
Kf7 $4 50.Kxh5 Ke6 51.Bd2 Kf5 52.Bxb4 Be2+ 53.Kh4 Bf1 54.Kg3 Be2 55.Bc3 Ke4 
56.b4 Bf1 57.h4 Kf5 58.Kf2 Bd3 59.Ke3 Bf1 60.Kf3 Bc4 {Rest mit 1 Minute/Zug.} 
61.Kg3 ( {Weiß gewinnt z.B. so:} 61.Bd2 Kg6 62.Kf4 Kh5 63.Be1 Kh6 64.Ke5 Kh5 
65.Kd6 Bb5 66.Kc7 Kg4 67.Kb7 Kf3 68.Kb6 Ke2 69.a6 Bxa6 70.Kxa6 {...} ) 61...Be2 
62.Bh8 Bf1 63.Kf3 Bc4 64.Ba1 Bf1 65.Bd4 Bc4 66.Kg3 Ke4 67.h5 $3 {Sehr schön,
Mephisto.} 67...Kf5 68.Bg7 Bd3 69.h6 Kg6 70.Kf4 Be2 71.Ke5 Bb5 72.Ke6 Bc4+ 
73.Kd6 Bb5 74.a6 Bxa6 75.Kxc6 Bd3 76.b5 Be4+ 77.Kd7 Bf3 78.c6 Bg4+ 79.Kc7 Bf3 
80.b6 Kf5 {Die 'resign'-LED des CXG leuchtet auf.} 1-0

[Event "Treppenturnier 2023"]
[Site "Turnierstufe"]
[Date "2023.09.30"]
[Round "02-4"]
[White "Super Enterprise C"]
[Black "MM I"]
[Result "1-0"]
[WhiteElo "1591"]
[BlackElo "1529"]
[PlyCount "111"]

{MM I macht in überlegener Stellung einen taktischen Fehler und verliert.} 1.f4 
d5 2.Nf3 {Buchende.} 2...g6 {Buchende.} 3.e3 Bf5 4.Bb5+ c6 5.Be2 Bg7 6.O-O Nd7 
7.Nh4 Qb6 8.Nxf5 Bxb2 9.Bxb2 Qxb2 10.Nc3 gxf5 11.Rb1 Qa3 12.Rxb7 Ngf6 13.Rb3 
Qa5 14.Qc1 Rg8 15.Ra3 Qc7 16.d4 Ng4 17.Rf3 Rg6 18.Rh3 Ndf6 19.Na4 {Ein etwas
eigenwilliger Aufbau von beiden.} 19...e6 20.Nc5 Rg7 21.c4 Ne4 22.Nxe4 dxe4 
23.Rg3 Qe7 24.h3 Qh4 25.Qe1 Nf6 26.Kh2 Ng4+ 27.Bxg4 fxg4 $2 {Fehler.} 28.Qb4 $1 
f5 29.Qd6 Qe7 30.Qxc6+ Kf7 31.Rb3 Qe8 32.Rb7+ Kf6 33.Qxe8 Rxe8 34.Rxg7 Kxg7 
35.hxg4 Kf7 36.gxf5 exf5 37.Rg5 Kf6 38.g4 fxg4 39.Rxg4 Rc8 40.c5 Rh8 41.Rg5 Rb8 
42.d5 Rb2+ 43.Rg2 Rb5 44.Rc2 Rb8 45.d6 Ke6 46.Rd2 Rc8 47.c6 h6 48.d7 Rd8 49.c7 
Ke7 50.c8=Q h5 51.Qc5+ Ke6 52.Rd6+ {Mattankündigung.} 52...Ke7 53.Qe5+ Kf7 
54.Qf5+ Kg7 55.Rg6+ Kh7 56.Qxh5# 1-0

[Event "Treppenturnier 2023"]
[Site "Turnierstufe"]
[Date "2023.10.01"]
[Round "03-1"]
[White "Super Enterprise C"]
[Black "Constellation"]
[Result "1/2-1/2"]
[WhiteElo "1599"]
[BlackElo "1643"]
[PlyCount "125"]

{Nach beidseitig fehlerhaftem Spiel wird es ein Remis.} 1.Nf3 Nf6 {Buchende.} 
2.c4 e6 3.Nc3 {Buchende.} 3...Bb4 4.d4 Bxc3+ 5.bxc3 O-O 6.e3 Nc6 7.Bd3 d6 8.O-O 
e5 9.Qc2 Bg4 10.Nd2 b6 11.f3 Bh5 12.Ba3 Re8 13.d5 Ne7 14.Rfd1 Bg6 15.Bxg6 Nxg6 
16.Rab1 Nd7 17.Qd3 Qe7 18.Bb4 a5 19.Ba3 Reb8 20.Rb2 Re8 21.Rb5 f6 22.Nf1 Kh8 
23.Ng3 Qd8 24.Qe4 Ra7 25.Qg4 Nc5 26.Bxc5 dxc5 27.Nf5 c6 28.Rb2 b5 $6 29.d6 Qd7 
30.cxb5 cxb5 31.c4 $6 bxc4 32.Ng3 Qxg4 33.fxg4 Rd8 34.Ne4 c3 35.Rc2 Rb7 36.Nxc5 
Rb2 37.Rxc3 Nf8 38.a4 Rb4 39.h3 Kg8 40.Rc2 Kf7 41.Rf2 Ne6 42.Nd3 {Alles ist
wieder ausgeglichen, nachdem Weiß zuvor klare Vorteile hatte.} 42...Re4 43.Rf3 
Ng5 44.Rg3 Rxa4 45.Nc5 Rb4 46.d7 Ne6 47.Rd5 a4 48.Na6 Rb6 49.Nc5 Rb1+ 50.Kh2 
Nxc5 51.Rxc5 Rxd7 52.Ra5 Ra1 53.g5 a3 54.Rf3 Kg6 55.gxf6 gxf6 56.Ra6 Kg7 
57.Rfxf6 Re1 58.Rf3 Rd3 59.Ra7+ Kg6 60.Ra6+ Kg7 ( 60...Kg5 $2 {#7} 61.Raf6 Rh1+ 
62.Kxh1 h5 63.R3f5+ Kh4 64.Kh2 Rxe3 65.Rh6 Rxh3+ 66.gxh3 a2 67.Rhxh5# ) 61.Ra7+ 
Kh6 62.Ra6+ Kg7 63.Ra7+ {Remis 3x.} 1/2-1/2

[Event "Treppenturnier 2023"]
[Site "Turnierstufe"]
[Date "2023.10.03"]
[Round "03-2"]
[White "Constellation"]
[Black "Super Enterprise C"]
[Result "1/2-1/2"]
[WhiteElo "1642"]
[BlackElo "1600"]
[PlyCount "141"]

{Das Endspiel KTT gegen KD plus Bauern endet unentschieden.} 1.d4 f5 2.c4 
{Buchende.} 2...e6 3.Nf3 d5 {Buchende.} 4.cxd5 exd5 5.Nbd2 $6 f4 $6 6.Nb1 
{Hä??} 6...Bd6 7.e3 fxe3 8.Bxe3 Ne7 9.Be2 Nbc6 10.O-O O-O 11.Nbd2 Bf5 12.Qb3 
Qc8 13.Rac1 Nb4 14.Rfe1 a5 15.Bg5 $2 ( {Richtig:} 15.a3 ) 15...a4 16.Qd1 a3 
17.bxa3 Nxa2 18.Ra1 Rxa3 19.Nc4 Nc3 20.Nxd6 cxd6 21.Bxe7 Nxd1 22.Rxa3 Nc3 
23.Bxf8 Nxe2+ 24.Kf1 Nxd4 $2 ( {Besser:} 24...Kxf8 ) 25.Nxd4 Qxf8 26.Rf3 g6 
27.Rd1 Qh6 {Weiß hat durchaus gute Karten.} 28.Nxf5 gxf5 29.Rxf5 Qxh2 30.Rd3 
Qh1+ 31.Ke2 Kh8 32.Kf3 Qa1 33.Rfxd5 Qf6+ 34.Ke2 b5 $2 35.Rxb5 Qe6+ 36.Kf1 Qh6 
37.Rb8+ Kg7 38.Rb7+ Kf8 39.Rd7 $2 {Remis.} 39...Qc1+ 40.Ke2 Qc2+ 41.Ke3 Qc5+ 
42.Ke2 Qc2+ 43.Ke3 Qc5+ 44.Rd4 Qc1+ 45.Kd3 Qf1+ 46.Ke3 Qe1+ 47.Kd3 Qxf2 48.Rd8+ 
Ke7 49.Rg8 Qf5+ 50.Kc3 Qe5 51.Kd3 d5 52.g3 Qf5+ 53.Kc3 Qf6 54.Rb8 Qf3+ 55.Rd3 
Qe4 56.Rb7+ Kd6 57.Kd2 d4 58.Rf7 Qg2+ 59.Kc1 Qh1+ 60.Kc2 Qc6+ 61.Kd2 Qe4 
62.Rdf3 Qb1 63.g4 Qg1 64.R3f6+ Kd5 65.Rf5+ Kc6 66.R7f6+ Kc7 67.Rf7+ Kb6 
68.R7f6+ Kb7 69.Rf7+ Ka6 70.R7f6+ Ka7 71.Rf7+ {Remis gegeben.} 1/2-1/2

[Event "Treppenturnier 2023"]
[Site "Turnierstufe"]
[Date "2023.10.05"]
[Round "03-3"]
[White "Super Enterprise C"]
[Black "Constellation"]
[Result "0-1"]
[WhiteElo "1601"]
[BlackElo "1641"]
[PlyCount "221"]

{Constellation bringt einen Bauern durch und gewinnt danach auf Umwegen.} 1.Nf3 
Nf6 {Buchende.} 2.c4 e6 3.Nc3 {Buchende.} 3...Bb4 4.Qc2 O-O 5.e4 Bxc3 6.dxc3 d6 
7.Be2 Nc6 8.O-O Bd7 9.Rd1 Qe7 10.Bg5 e5 11.Rd2 Qe6 12.Bxf6 Qxf6 13.c5 Rfd8 
14.cxd6 cxd6 15.Qb3 b6 16.Qd5 Be8 17.Ba6 Ne7 18.Qc4 Bc6 19.Rad1 Qf4 20.Re1 Rd7 
21.Rdd1 Rad8 22.Nd2 Qf6 23.Qb4 d5 24.f3 Qd6 25.exd5 Qxb4 26.cxb4 Nxd5 ( 
26...Rxd5 $1 ) 27.b5 Nc7 28.bxc6 Rxd2 29.Rxd2 Rxd2 30.Bc4 Rd6 31.Rc1 Kf8 32.Bb3 
Ke7 33.Rc2 Rd1+ 34.Kf2 f6 35.Bg8 h6 36.Ke2 Rh1 $2 37.h3 $2 ( 37.Rd2 Rc1 38.Rd7+ 
Kf8 39.Rxc7 Kxg8 {...} ) 37...Kd6 38.Kd2 Nb5 39.a4 Nc7 40.b4 b5 41.axb5 Rg1 
42.Ke3 Nxb5 43.Rc5 Nc7 44.Kf2 Ra1 45.Bh7 Ra2+ 46.Kg3 Rb2 47.Rc4 Rd2 48.Rc5 Nd5 
49.Kh2 Kc7 50.Ra5 Kb6 51.Rc5 Nc7 52.h4 $2 Rb2 53.Rc4 Kb5 54.Bd3 Rxb4 55.Rc3+ $2 
( 55.Rg4+ ) 55...Kb6 56.g3 a5 57.Kh3 a4 58.Be4 Rb3 59.Rc4 a3 60.Kg4 Kb5 {Rest
mit 1 Minute/Zug.} 61.Rc2 Rb2 62.Rc1 a2 63.f4 Rf2 64.fxe5 fxe5 65.Bd3+ Kb4 
66.Ra1 Kc3 67.Bb1 axb1=Q 68.Rxb1 Kc4 69.Rb7 Rf7 70.Rb1 Kd5 71.Ra1 Kxc6 72.Re1 
Kd5 73.Rd1+ Kc6 74.Re1 Kd6 75.Re4 Nd5 76.Kh3 Nc3 77.Re3 Nd5 78.Re4 Rf2 {Und nun:
Wie gewinne ich eine gewonnene Partie?} 79.Ra4 Ke7 80.g4 Kf6 81.Ra6+ Ke7 
82.Ra7+ Kf6 83.Kg3 Rc2 84.Kf3 Nc3 85.Ra6+ Kf7 86.Ra7+ Kg6 87.Ra6+ Kh7 88.Re6 
e4+ 89.Ke3 Kg8 90.Kd4 Nb5+ 91.Ke3 Rh2 92.Rxe4 Rxh4 93.Re5 Nd6 94.Rd5 Nc4+ 
95.Kf3 Rh2 96.Rd4 Ne5+ 97.Kf4 Re2 98.Rd6 Kf7 99.Kf5 g6+ 100.Kf4 Re1 101.g5 
hxg5+ 102.Kxg5 Re4 ( {Hiarcs sagt Matt in 17:} 102...Re4 103.Rf6+ Kg7 104.Rf4 
Rxf4 105.Kxf4 Kf6 106.Ke4 g5 107.Ke3 Kf5 108.Kf2 g4 109.Ke2 Kf4 110.Ke1 g3 
111.Ke2 Ke4 112.Kf1 Kf3 113.Ke1 g2 114.Kd2 g1=Q 115.Kc3 Qc5+ 116.Kb2 Nd3+ 
117.Kb3 Qb4+ 118.Kc2 Ke3 119.Kd1 Qd2# ) 103.Rf6+ Kg7 104.Rf4 Rxf4 105.Kxf4 Kf6 
106.Ke4 g5 107.Ke3 Kf5 108.Kf2 Kf4 109.Ke2 g4 110.Kf2 g3+ 111.Kg1 {Super
Enterprise gibt auf.} 0-1

[Event "Treppenturnier 2023"]
[Site "Turnierstufe"]
[Date "2023.10.09"]
[Round "03-4"]
[White "Constellation"]
[Black "Super Enterprise C"]
[Result "0-1"]
[WhiteElo "1650"]
[BlackElo "1592"]
[PlyCount "110"]

{Constellation geht an den Drohungen gegen seinen König auf der schwachen
Grundreihe zugrunde.} 1.e4 c5 2.Nc3 {Buchende.} 2...Nc6 3.Nf3 e6 {Buchende.} 
4.Bc4 Nge7 5.Qe2 Nd4 6.Qd3 Nec6 7.a3 f5 8.O-O fxe4 9.Qxe4 Be7 10.Bb5 d5 
{Schwarz hat die klar überlegene Position und droht Materialgewinn.} 11.Bxc6+ 
Nxc6 {Warum schlägt nicht der Bauer?} ( 11...bxc6 12.Qd3 e5 {...} ) 12.Qd3 O-O 
13.b3 Bd6 14.Bb2 Ne5 {Der schwarze Vorteil ist weg.} 15.Nxe5 Bxe5 16.Rae1 Bd4 
17.b4 cxb4 18.Qxd4 bxc3 19.Qxc3 Rf7 20.Re5 Bd7 21.Qb3 Rc8 22.c3 b6 23.f3 a6 
24.Rfe1 Rc4 25.d3 Rh4 26.c4 dxc4 27.dxc4 Qc7 28.R1e4 Rxe4 29.fxe4 Qd6 30.Qc2 b5 
31.c5 Qf8 32.Qe2 a5 33.Bc3 Qd8 34.Qe1 $4 a4 $2 {Die weiße Grundlinie ist
schwach, aber Beide können den Gewinn-/Verlustweg nicht erkennen.} ( 34...b4 $1 
35.h3 ( 35.axb4 Bb5 $1 36.bxa5 Qf8 {...} ) 35...bxc3 36.Qxc3 Qf6 {...} ) 35.Qd2 
Qf8 36.Qd3 Bc6 37.Rxe6 $2 {Erneut übersieht Conny die Schwäche seiner
Grundreihe.} 37...Qxc5+ 38.Qd4 Qxa3 39.Qd8+ ( 39.Rxc6 $4 Qc1+ 40.Qd1 Qxd1+ 
41.Be1 Qxe1# ) 39...Rf8 40.Qd2 Bb7 $6 ( 40...Qc5+ 41.Qd4 Qxd4+ 42.Bxd4 Rc8 
{...} ) 41.Re5 b4 42.Bb2 $2 Qa2 43.Rc5 a3 {Da kommt der Novag nicht mehr raus.} 
44.Bc1 Qxd2 45.Bxd2 a2 46.Rc1 b3 47.Bc3 Rc8 48.Rd1 Rxc3 49.e5 b2 50.Rd8+ Kf7 
51.Rd7+ Ke8 52.Rd1 a1=Q {Mattankündigung.} 53.Rxa1 bxa1=Q+ 54.Kf2 Qb2+ 55.Kg1 
Qxg2# 0-1

[Event "Treppenturnier 2023"]
[Site "Turnierstufe"]
[Date "2023.10.09"]
[Round "03-5"]
[White "Super Enterprise C"]
[Black "Constellation"]
[Result "1-0"]
[WhiteElo "1604"]
[BlackElo "1638"]
[PlyCount "193"]

{Nach verbissenem Kampf und nach beidseitig füchterlichen Fehlern setzt sich der
CXG am Ende durch.} 1.d4 d5 2.c4 dxc4 3.Nf3 Nf6 4.e3 e6 5.Bxc4 c5 6.O-O a6 
7.Qe2 {Buchende.} 7...b5 {Buchende.} 8.Bd3 Nc6 9.a4 b4 10.Ne5 Na5 11.dxc5 Nb3 
12.Ra2 Qd5 13.Qf3 Qxf3 14.Nxf3 Nxc5 15.Bc4 Bb7 16.Nbd2 Bd6 17.b3 O-O 18.Rc2 
Rfd8 19.Bb2 Nce4 20.Be2 Nxd2 21.Nxd2 Ne4 22.Rd1 a5 23.Bf3 Nc3 24.Bxb7 Nxd1 
25.Bxa8 Nxb2 26.Bb7 Nd3 27.Ne4 Be5 $6 28.Ba6 $1 {Um die eigene Grundlinie bei
einem Springerabzug zu schützen.} 28...Bc3 $2 {Es geht ein Bauer verloren.} 
29.Nxc3 bxc3 30.Rxc3 Nb4 31.Rc8 Rxc8 32.Bxc8 Nd3 33.Ba6 Nb4 34.Bb5 Kf8 35.Kf1 
Ke7 36.Ke2 f6 37.Bd3 g6 38.e4 e5 39.Bc4 h6 40.Bd3 Kd6 41.Ke3 Kc6 42.Bb5+ Kd6 
43.Be8 g5 44.Bb5 Nc2+ 45.Kd2 Nd4 46.Bc4 Kc5 47.Kc3 f5 48.exf5 Nxf5 {Der weitere
Verlauf ist ein Trauerspiel :} 49.Kd3 Nd6 50.f3 Kc6 51.Be6 Kc5 52.Ke3 Kc6 53.g3 
Kc5 54.Bg8 Kc6 55.g4 Kb6 56.Bd5 Kc5 57.Be6 Kc6 58.h3 Kc5 59.Kd3 Kc6 60.Bc4 Kb6 
61.Bd5 Ka7 62.Ke3 Kb6 63.Be4 Ka6 64.Bc6 Kb6 65.Bd5 Kc5 66.Bg8 Kc6 67.Bh7 Kc5 
68.Bg6 Kc6 69.Bd3 Kc5 70.Bf5 Kc6 71.Kd3 Kc5 72.Bh7 Kc6 73.Ke2 Kc5 74.Ke3 Kc6 
75.Bg8 Kc5 76.Be6 Kc6 77.Bc4 Kc5 78.Bd3 Kc6 79.Bc2 Kc5 80.Bd1 Kb4 81.Kd2 Nb7 
82.Kc2 Nc5 83.Kd2 $4 Ne6 $4 ( 83...Nxb3+ 84.Kc2 ( 84.Bxb3 Kxb3 85.Ke3 Kxa4 
{...} ) 84...Nc5 85.Be2 Nxa4 {...} ) 84.Kc1 $4 Kc3 85.Kb1 Nf4 86.Bc2 Nxh3 
87.Kc1 Ng1 88.Bd1 Kd3 {Beide spielen unglaublich schlecht - keine Fragezeichen
mehr ...} 89.b4 axb4 {Der endgültige Verlust.} 90.a5 e4 91.fxe4 Kc3 92.a6 b3 
93.a7 b2+ 94.Kb1 Kd2 95.Bc2 Nf3 96.a8=Q Ke1 97.e5 $1 {und} 1-0

[Event "Treppenturnier 2023"]
[Site "Turnierstufe"]
[Date "2023.10.11"]
[Round "04-1"]
[White "Super Enterprise C"]
[Black "Regency"]
[Result "1-0"]
[WhiteElo "1615"]
[BlackElo "1791"]
[PlyCount "179"]

{Wie kann Regency diese Partie noch verlieren!? Unglaublich.} 1.Nf3 Nf6 2.c4 c5 
3.Nc3 e6 4.d4 cxd4 5.Nxd4 Bb4 {Buchende.} 6.Nc2 {Buchende.} 6...Bxc3+ 7.bxc3 
Nc6 8.Nb4 Qa5 9.Nxc6 bxc6 10.Qb3 O-O 11.Ba3 $2 c5 12.Bb2 Ba6 13.e3 Rab8 14.Qa3 
Qb6 15.O-O-O $2 Ne4 16.Rxd7 $2 Rfd8 17.f3 Nf2 ( {Wesentlich stärker:} 17...Rxd7 
$1 18.Be2 {Verhindert die Gewinnvarianten nach 18....Td1+.} 18...Rd2 19.Bd1 
Rxb2 20.Bb3 Rxg2 {...} ) 18.Rxd8+ Qxd8 19.Be2 Rxb2 20.Qxb2 Nxh1 21.Bf1 Qc7 
22.g3 Nxg3 23.hxg3 Qxg3 24.Qd2 Qc7 25.e4 h6 26.Kb1 Qg3 27.Qd8+ Kh7 28.Qd1 Qb8+ 
29.Kc2 Qh2+ 30.Kb1 Qe5 31.Qc2 Qb8+ 32.Qb3 Qf4 33.Qd1 Qe3 {Regency sollte seinen
Bauern auf der h-Linie aktivieren.} 34.Bd3 e5 35.Kc2 Qg5 36.Be2 Qe7 37.Qh1 Qe6 
38.Kb3 Qb6+ 39.Kc2 Qa5 40.Kb3 {Regency findet bisher keinen Plan, wie die Partie
zu gewinnen ist.} 40...Kg8 41.Qh5 Qb6+ 42.Kc2 Qe6 43.Kb3 Kh7 44.Bf1 Qb6+ 45.Kc2 
Qf6 46.Qg4 Qd6 47.Qf5+ Kg8 48.Qh5 Qe6 49.Kb3 Qb6+ 50.Kc2 Qd6 51.Kc1 Qe6 52.Bh3 
Qf6 53.Bf1 Qf4+ 54.Kc2 Bb7 {Weiterhin hat Schwarz keinen Plan.} 55.Be2 Kh8 
56.Qh3 Qe3 57.Bd3 Qf2+ 58.Kb3 f6 59.Qg4 a5 60.Bc2 a4+ {Rest der Partie mit 1
Minute/Zug.} 61.Kb2 Qf1 62.Bxa4 Qxc4 63.Qd7 Qe2+ 64.Ka3 Ba6 $4 65.Bb3 $2 ( 
{Verpasst den Sieg. Erstaunlich, dass der CXG das nicht sieht:} 65.Qe8+ Kh7 
66.Bd7 Qxf3 {Was sonst?} 67.Bf5+ Qxf5 68.exf5 {...} ) 65...c4 66.Qd8+ $2 Kh7 
67.Bd1 Qd3 68.Qxd3 cxd3 69.Kb4 Bc8 $2 {Ab jetzt keine Fragezeichen mehr, denn
ein Fauxpas jagt den anderen.} ( {Einfach} 69...h5 {usw.} ) 70.c4 Bh3 71.c5 Bc8 
72.c6 Ba6 73.c7 h5 74.Bb3 Bc8 75.Kc3 f5 76.exf5 h4 77.Be6 d2 78.Kxd2 Ba6 
79.c8=Q Bxc8 80.Bxc8 Kh6 81.Ke3 h3 82.Kf2 Kh5 83.Kg3 Kg5 84.a4 h2 85.Kxh2 Kf4 
86.a5 e4 87.fxe4 Ke5 88.a6 Kxe4 89.a7 Kd5 90.a8=Q+ 1-0